| 000 | 00741cab a2200241 4500 | ||
|---|---|---|---|
| 001 | WB3514-08 | ||
| 008 | 090401t1999 xxu||||| |||| 00| 0 eng d | ||
| 035 | _a(Sirsi) u92755 | ||
| 041 | _aeng | ||
| 245 | _aTelephone and internet banking `to spell branch closures` | ||
| 260 | _c1999 | ||
| 350 | _a0 | ||
| 490 |
_aFinancial Times _v15 April 1999, 9(1) |
||
| 520 | _aA recent study has shown that a third of UK bank branches will close in the next five years, due to increased use of telephone and internet banking. | ||
| 650 | _aBANK BRANCHES | ||
| 650 | _aBANKS | ||
| 650 | _aINTERNET | ||
| 650 | _aPREDICTIONS | ||
| 650 | _aTELEPHONE BANKING | ||
| 690 | _aPROPERTY-COMMERCIAL PROPERTY | ||
| 942 | _n0 | ||
| 948 | _c15/04/1999 | ||
| 999 |
_c58791 _d58791 |
||